Handbook of surface and interface analysis: methods for problem-solving. -- 2nd ed. (Record no. 45331)

MARC details
000 -LEADER
fixed length control field 00807nam a2200205 a 4500
008 - FIXED-LENGTH DATA ELEMENTS--GENERAL INFORMATION
fixed length control field 100119s2009 ||||||||||||||||| || u
020 ## - INTERNATIONAL STANDARD BOOK NUMBER
International Standard Book Number 9780849375583
050 ## - LIBRARY OF CONGRESS CALL NUMBER
Classification number QC 173.4.S94 Han
100 ## - MAIN ENTRY--PERSONAL NAME
Personal name Riviere, John C
245 10 - TITLE STATEMENT
Title Handbook of surface and interface analysis: methods for problem-solving. -- 2nd ed.
Statement of responsibility, etc. edited by John C. Rivière and Sverre Myhra
250 ## - EDITION STATEMENT
Edition statement 2nd ed.
260 ## - PUBLICATION, DISTRIBUTION, ETC.
Place of publication, distribution, etc. New York
Name of publisher, distributor, etc. CRC Press
Date of publication, distribution, etc. 2009
300 ## - PHYSICAL DESCRIPTION
Extent xx, 651p.: ill.
350 ## - PRICE (NR) (BK AM CF MU VM SE) [OBSOLETE]
Price 0.00
650 #0 - SUBJECT ADDED ENTRY--TOPICAL TERM
Topical term or geographic name entry element CHEMISTRY--HANDBOOKS, MANUALS, ETC
650 ## - SUBJECT ADDED ENTRY--TOPICAL TERM
Topical term or geographic name entry element SURFACES (PHYSICS)--ANALYSIS
650 ## - SUBJECT ADDED ENTRY--TOPICAL TERM
Topical term or geographic name entry element Surface chemistry
700 ## - ADDED ENTRY--PERSONAL NAME
Personal name Myhra, Sverre
995 ## - RECOMMENDATION 995 [LOCAL, UNIMARC FRANCE]
-- 0.00
-- CBU-MAIN LIBRARY (Kitwe)
-- 1
-- 0.00
-- 1
-- AVAILABLE
-- Mar 2, 2010
-- Main Library Open Access Collection
Holdings
Withdrawn status Lost status Source of classification or shelving scheme Damaged status Not for loan Home library Current library Shelving location Date acquired Total Checkouts Full call number Barcode Date last seen Price effective from Koha item type
          CBU-MAIN LIBRARY, KITWE. CBU-MAIN LIBRARY, KITWE.   11/30/2022   QC 173.4.S94 Han 740570 11/30/2022 11/30/2022 MONOGRAPH